00634nam a2200229 a 4500001001300000003000900013005001700022008004100039020001000080082001500090100002000105245001800125260003100143300000800174500003500182650002200217700002000239902000800259942000700267952011500274999001500389nice12345678IN_TiNIC20260116011826.0070801s0000 teha grp 000 0 per  ac10000a269.2bLEV aLevonian, Lotfi aMazhab-O-sulh aTehranbNo Publisherc0000 a15p aincludes index and biblioraphy aEvangelistic Work1 aLevonian, Lotfi bSRS cBK 001040708StackRoom-aHMIbHMId2007-08-01g100.00l0o269.2 LEVp05046r2007-08-01v100.00w2007-08-01yBK c4239d4239